Statistics for World Capitals Closest to Bangkok - One Minute Sprint

Click here to take the quiz!

General Stats

  • This quiz has been taken 36 times
  • The average score is 14 of 21

Answers on the Map

Answers color-coded by a green-red scale on the quiz's map according to % correct below.
 

Answer Stats

kmcapital% Correct
2912New Delhi
97%
2325Jakarta
91%
990Hanoi
86%
1187Kuala Lumpur
86%
1431Singapore
83%
3296Beijing
80%
1532Dhaka
77%
2214Manila
77%
541Phnom Penh
74%
2543Taipei
71%
521Vientiane
69%
3542Islamabad
66%
2204Kathmandu
66%
3722Seoul
63%
2373Colombo
54%
813Naypyidaw
54%
3717Dili
51%
3743Pyongyang
51%
1893Thimphu
51%
1866Bandar Seri
Begawan
46%
3140Malé
46%

Score Distribution

Percentile by Number Answered

Percent of People with Each Score

Your Score History

You have not taken this quiz